000 00775cam a22002657a 4500
003 CHAP
005 20220329135214.0
008 971013s1936 r 00010 d
010 _a32574
011 _a33546
035 _a37662
040 _cCHAP
082 _a633.5
_bM38 1936
100 0 0 _aMatthews, Joseph Merritt.
_973081
245 1 4 _aThe textile fibers, their physical microscopical and chemical properties
250 _a4 ed.
260 _aNew York :
_bWiley,
_c1936
300 _a1053 p.
_b: ilus
590 _aBATCH-UPD
_b10
_c20130110
_lUCH01
_h1933
590 _aCONVERSION
_b10
_c20130109
_lUCH01
_h1318
650 1 4 _aFibras textiles.
_940700
901 _aBK
942 _cLIBRO
949 _a633.5 M38 1936
_bBC
_cLIBRO
_d-86292
_eLIBRO
_h22680
_i37662
_si
_t50.00
999 _c32574
_d32574